Score 0/19 Timer 02:00
2 Plays Today
Clue 4-Letter Word % Correct
Pinching crustaceanCRAB
98.1%
Pre-test ritualCRAM
96.8%
Animal defense feature?CLAW
94.4%
Chowder ingredientCLAM
94.2%
High in stature or heightTALL
92.8%
To rip or shredTEAR
92.4%
Building of shopsMALL
92.1%
Tom or bullMALE
91.5%
Blue-green shadeTEAL
91.5%
Phobia meaningFEAR
90.8%
Clue 4-Letter Word % Correct
Swiss legend WilliamTELL
90.3%
A defect or imperfectionFLAW
89.7%
A small restaurant for tea or coffeeCAFE
85.8%
Reached base successfullySAFE
84.3%
Birthday dessertCAKE
82.3%
Impressive accomplishmentFEAT
79.5%
Two dimensionalFLAT
77.4%
Second herb for Scarborough FairSAGE
73.7%
SpellcasterMAGE
69.8%

Today's Daily Dose

Remove Ads.
Support Sporcle.
Get the best of Sporcle when you Go Orange. This ad-free experience offers more features, more stats, and more fun while also helping to support Sporcle. Thank you for becoming a member.

You're not logged in!

Compare scores with friends on all Sporcle quizzes.
OR
Log In

Show Comments

Extras

Top Quizzes Today


Score Distribution

Your Account Isn't Verified!

In order to create a playlist on Sporcle, you need to verify the email address you used during registration. Go to your Sporcle Settings to finish the process.

Report this User

Report this user for behavior that violates our Community Guidelines.

Details: